Películas Disney - Estadísticas

Estadísticas generales
  • Esta prueba ha sido intentada 3.679 veces
  • La puntuación promedio es 17 de 52
Estadísticas de respuestas
Hint Respuesta % Correcto
Un elefante volador Dumbo
94%
Un niño muy mentiroso Pinocho
93%
Una zapatilla de cristal y un hechizo que se rompe a las 12:00pm Cenicienta
87%
La primera pelicula animada Blancanieves y los Siete Enanitos
83%
Muchos cachorros son secuestrados por una mujer loca 101 Dalmatas
77%
Una princesa que se queda dormida esperando un beso La Bella Durmiente
72%
Una jovencita se enamora de un monstruo La Bella y la Bestia
70%
Un leon que es el rey de toda la sabana El Rey Leon
69%
Una perrita conoce a un perro que vive en la calle La Dama y el Vagabundo
69%
Una sirena que quiere ser humana La Sirenita
68%
Un niño que vive en la selva con un oso El libro de la Selva
66%
Un muchacho se encuentra una lampara magica Aladdin
60%
En la segunda estrella a la derecha vive un niño Peter Pan
58%
Un hombre que roba a los ricos para darle a los pobres Robin Hood
55%
Un semidios trata de convertirse en heroe para entrar al Olimpo Hercules
54%
Una jovencita se enlista en el ejercito y se disfraza de hombre Mulan
54%
Una niña que viaja a otro país y vive muchas aventuras Alicia en el Pais de las Maravillas
49%
La reina de un pueblo tiene poderes de hielo y congela todo Frozen
41%
Un joven que vive en un campanario El Jorobado de Notre Dame
37%
Unos gatitos que son robados y abandonados Aristogatos
36%
Un aprendiz de un brujo mu serio Fantasia
26%
Un hombre que vive en una isla Tarzan
26%
Una coneja y un zorro viven en una ciudad de animales y resuelven un caso de desapariciones Zootopia
26%
Una joven, que nunca a salido de su casa conoce el mundo por primera vez Enredados
23%
Un principe, que su madre muere Bambi
21%
Una camarera besa a un sapo, convirtiendose en una rana y empezando una travesia en el pantano La Princesa y el Sapo
20%
Una mujer encuentra un hombre de otro mundo Pocahontas
20%
Una espada legendaria es sacada por un niño La Espada en la Piedra
19%
Un pollito es molestado por su pueblo, cuando el cielo se cae Chicken Little
17%
Un aventurero emprende un viaje para encontrar una ciudad perdida Atlantis
16%
Un perro cree tener superpoderes y necesita de ellos para volver a su hogar Bolt
16%
El emperador de Cusco, tiene varias aventuras locas Las Locuras del Emperador
15%
Un dinosaurio emprende una aventura para no extinguirse Dinosaurio
13%
Un alíen vive con una niña y se vuelven amigos Lilo y Stitch
13%
Un joven es transformado en un oso Tierra de Osos
13%
Un personaje de videojuego ya no quiere ser el mal Ralph el Demoledor
12%
Un oso muy amigable que vive en un bosque con sus amigos Winnie Pooh
11%
Ratones que rescatan personas Bernardo y Bianca
9%
Dos amigos de diferentes razas El Zorro y el Sabueso
9%
Un gato sin hogar encuentra una pandilla y vive con ellos Oliver y su Pandilla
9%
Un niño que tiene un caldero El Caldero Magico
8%
Tres vacas deciden encontrar a un estafador para salvar su granja Vacas Vaqueras
8%
Dos niños viajan al futuro para arreglar una maquina del tiempo La Familia del Futuro
6%
Tres compadres de diferentes nacionalidades Los Tres Caballeros
6%
Una remasterizacion de la tercera pelicula Fantasia 2000
5%
Un joven huérfano empieza una gran aventura interespacial El Planeta del Tesoro
4%
Un cuento clasico de una planta gigante Las Aventuras de Bongo Mickey y las Habichuelas Magicas
4%
Un detective londinense que resuelve un misterio Policias y Ratones
2%
Clasico de animacion Saludos Amigos
2%
Película que incluye canciones famosas Tiempo de Melodia
1%
Animales del zoologico vuelven a sus raices, tratando de encontrar sus instintos salvajes Vida Salvaje
1%
Un puerquito narra sus grandes aventuras en un libro La Gran Pelicula de Pigglet
0%
No se encontraron pruebas coincidentes
Distribución de puntuación
Porcentaje de gente con cada puntuación
Porcentaje por número respondido
Historial de tus puntuaciones
No has intentado esta prueba.